| 000 | 00375nam a2200169Ia 4500 | ||
|---|---|---|---|
| 008 | 210210b1930 xxu||||| |||| 00| 0 eng d | ||
| 041 | _aeng | ||
| 082 | _a550/5 | ||
| 100 | _aFLEURE (H J) | ||
| 245 | _aRaces of mankind | ||
| 260 |
_aLondon _bErnest Benn Limited _c1930 |
||
| 650 | _aRaces | ||
| 650 | _aof | ||
| 650 | _amankind | ||
| 690 | _aGeology | ||
| 906 | _a010149 | ||
| 999 |
_c137917 _d137917 |
||